000
00343nam a2200145Ia 4500
008
150201s2006 xx 000 0 und d
082
_a
615
_b
C06K
100
_a
KOHLI, KAMLESH
245
_a
CLINICAL PHARMACOTHERAPEUTICS
250
_a
1ST
260
_b
ELSEVEIR
_a
ELSEVEIR
_c
2006
300
_a
1-859
650
_a
PHARMACOLOGY
942
_2
ddc
_c
BK
999
_c
580
_d
580